| 000 | 00441nam a2200157 i 4500 | ||
|---|---|---|---|
| 001 | 49860 | ||
| 003 | ES-MaACL | ||
| 007 | t| | ||
| 008 | 030724s1914 xxk ||||1| eng d | ||
| 100 | 1 |
_aCraig, Edward Gordon. _941426 |
|
| 245 | 1 | 0 |
_aOn the art of the theatre / _cEdward Gordon Craig. |
| 250 | _a[4th ed.]. | ||
| 260 |
_aLondon : _b[Richard Clay and Sons], _c1914. |
||
| 300 |
_aXX, 296 p., 16 grab. ; _c22 cm. |
||
| 852 |
_aES-MaACL _jC-716 |
||
| 999 |
_c49860 _d49860 |
||